| 000 | 00525nam a2200133Ia 4500 | ||
|---|---|---|---|
| 008 | 171212s9999 xx 000 0 und d | ||
| 020 | _a9780833033307 | ||
| 100 | _aLambeth, Benjamin S. | ||
| 245 |
_cLambeth, Benjamin S. _aMastering the Ultimate High Ground: Next Steps in the Military Uses of Space |
||
| 260 |
_bRAND Corporation _c2003 |
||
| 650 | _aAstronautics, Military -- United States; United States. Air Force; United States -- Military policy | ||
| 650 | _aHistory | ||
| 856 | _uwww.jstor.org/stable/10.7249/mr1649af | ||
| 999 |
_c352301 _d352301 |
||